| 000 | 01111cam a2200337 a 4500 | ||
|---|---|---|---|
| 999 |
_c526954 _d526954 |
||
| 001 | 17090555 | ||
| 003 | NUST | ||
| 005 | 20190718055549.0 | ||
| 008 | 111220s2013 maua b 001 0 eng | ||
| 010 | _a 2011048215 | ||
| 020 | _a9780132856201 | ||
| 020 | _a0132856204 | ||
| 035 | _a(OCoLC)ocn769141382 | ||
| 038 | _aArshad | ||
| 040 |
_aDLC _beng _cDLC _dYDX _dYDXCP _dBWX _dDLC |
||
| 042 | _apcc | ||
| 050 | 0 | 0 |
_aTK5105.875.I57 _bK88 2013 |
| 082 | 0 | 0 |
_a004.6 _bKUR |
| 100 | 1 |
_aKurose, James F. _917964 |
|
| 245 | 1 | 0 |
_aComputer networking : _ba top-down approach / _cJames F. Kurose, Keith W. Ross. |
| 250 | _a6th ed. | ||
| 260 |
_aBoston : _bPearson, _c2013. |
||
| 300 |
_axxiv, 862 p. : _bill. ; _c24 cm. |
||
| 504 | _aIncludes bibliographical references and index. | ||
| 650 | 0 |
_aInternet. _917965 |
|
| 650 | 0 |
_aComputer networks. _93677 |
|
| 700 | 1 |
_aRoss, Keith W., _d1956- _917966 |
|
| 906 |
_a7 _bcbc _corignew _d1 _eecip _f20 _gy-gencatlg |
||
| 942 |
_2ddc _cBK |
||